Hinduja foundation encyclopaedia of nobel laureates 1901-1996 (Record no. 515648)
[ view plain ]
| 000 -LEADER | |
|---|---|
| fixed length control field | 00286nam a22000977a 4500 |
| 082 ## - DEWEY DECIMAL CLASSIFICATION NUMBER | |
| Classification number | TNC A31 H588 (R) |
| 100 ## - MAIN ENTRY--PERSONAL NAME | |
| Personal name | Bagchi, Asoke K. |
| 9 (RLIN) | 21370 |
| 245 ## - TITLE STATEMENT | |
| Title | Hinduja foundation encyclopaedia of nobel laureates 1901-1996 |
| Statement of responsibility, etc | by Asoke K. Bagchi |
| 260 ## - PUBLICATION, DISTRIBUTION, ETC. (IMPRINT) | |
| Place of publication, distribution, etc | Delhi |
| Name of publisher, distributor, etc | Konark |
| Date of publication, distribution, etc | 1988 |
| 300 ## - PHYSICAL DESCRIPTION | |
| Extent | 720p. |
| Withdrawn status | Lost status | Source of classification or shelving scheme | Damaged status | Koha normalized classification for sorting | Not for loan | Permanent location | Current location | Date acquired | Full call number | Barcode | Date last seen | Price effective from | Koha item type |
|---|---|---|---|---|---|---|---|---|---|---|---|---|---|
| TNC_A31_H588_R | Indian Institute of Public Administration | Indian Institute of Public Administration | 2021-02-03 | TNC A31 H588 (R) | GR22579 | 2021-02-03 | 2021-02-03 | GR |
